Normal view
MARC view
Entry Personal Name
001 - CONTROL NUMBER
- control field: 19639
003 - CONTROL NUMBER IDENTIFIER
- control field: ARRUPE
005 - DATE AND TIME OF LATEST TRANSACTION
- control field: 20150909143818.0
008 - FIXED-LENGTH DATA ELEMENTS
- fixed length control field: 150909|| aca||aabn | a|a d
040 ## - CATALOGING SOURCE
- Original cataloging agency: ARRUPE
- Transcribing agency: ARRUPE
100 ## - HEADING--PERSONAL NAME
- Personal name: Scott, J. Julius.
670 ## - SOURCE DATA FOUND
- Source citation: Work cat.: (ARRUPE)0: Scott, J. Julius., Jewish backgrounds of the New Testament /, [2000], c1995.